[Event "Belgrade Spring op"]
[Site "Belgrade"]
[Date "2009.03.30"]
[Round "8"]
[White "Djurdjevic, Petar S"]
[Black "Kovacevic, Boris"]
[Result "1-0"]
[WhiteElo "1993"]
[BlackElo "1882"]
[PlyCount "100"]
[EventDate "2009.03.21"]
[EventType "swiss"]
[EventRounds "9"]
[EventCountry "YUG"]
[SourceTitle "CBM 129 Extra"]
[Source "ChessBase"]
[SourceDate "2009.05.05"]
[SourceVersion "2"]
[SourceVersionDate "2009.05.20"]
[SourceQuality "1"]

1. Nf3 Nf6 2. c4 g6 3. Nc3 Bg7 4. e4 d6 5. d4 0-0 6. Be2 e5 7. d5 a5 8. h3 Kh8 9. g4 Na6 10. Be3 Qe7 11. Nd2 c6 12. h4 Ne8 13. h5 Nec7 14. Nf1 Bd7 15. Qd2 Qe8 16. Bh6 Rg8 17. Bg5 f6 18. Be3 Qf7 19. hxg6 Qxg6 20. f3 Ne8 21. Ng3 Bf8 22. Kf2 Nec7 23. Rh5 c5 24. Rah1 Rg7 25. Rh6 Qf7 26. R6h5 Qg6 27. a4 b6 28. b3 Nb4 29. Nf5 Bxf5 30. exf5 Qe8 31. Ne4 Qf7 32. Bd1 Be7 33. Ke2 Ra7 34. Qe1 Ne8 35. Bh6 Rg8 36. Qf2 Bf8 37. Be3 Rg7 38. R1h3 Be7 39. Qh2 Bd8 40. R3h4 Rb7 41. Qh3 Rc7 42. Rh6 Ra7 43. R4h5 Rc7 44. g5 fxg5 45. Bxg5 Bxg5 46. Nxg5 Qg8 47. Qh4 Rcf7 48. f6 Rxg5 49. Rxg5 Qf8 50. Rgh5 Qg8 1-0

[Event "Belgrade Spring op"]
[Site "Belgrade"]
[Date "2009.03.26"]
[Round "5"]
[White "Vlahovic, Svetozar"]
[Black "Kovacevic, Boris"]
[Result "1-0"]
[WhiteElo "2175"]
[BlackElo "1882"]
[PlyCount "43"]
[EventDate "2009.03.21"]
[EventType "swiss"]
[EventRounds "9"]
[EventCountry "YUG"]
[SourceTitle "CBM 129 Extra"]
[Source "ChessBase"]
[SourceDate "2009.05.05"]
[SourceVersion "2"]
[SourceVersionDate "2009.05.20"]
[SourceQuality "1"]

1. e4 c5 2. c3 Nf6 3. e5 Nd5 4. d4 cxd4 5. cxd4 e6 6. Nc3 Nxc3 7. bxc3 d6 8. Nf3 Be7 9. Bd3 0-0 10. 0-0 Qc7 11. Bf4 dxe5 12. Bxe5 Bd6 13. Bxh7+ Kxh7 14. Ng5+ Kg6 15. Qg4 f5 16. Qh4 Bxe5 17. dxe5 Qxe5 18. Rae1 Qc7 19. Re3 Qe7 20. Rg3 Kf6 21. Ne4+ Kf7 22. Rxg7+ 1-0

[Event "Belgrade Spring op"]
[Site "Belgrade"]
[Date "2009.03.21"]
[Round "1"]
[White "Maksimovic, Miroslav"]
[Black "Kovacevic, Boris"]
[Result "1-0"]
[WhiteElo "2269"]
[BlackElo "1882"]
[PlyCount "79"]
[EventDate "2009.03.21"]
[EventType "swiss"]
[EventRounds "9"]
[EventCountry "YUG"]
[SourceTitle "CBM 129 Extra"]
[Source "ChessBase"]
[SourceDate "2009.05.05"]
[SourceVersion "2"]
[SourceVersionDate "2009.05.20"]
[SourceQuality "1"]

1. c4 Nf6 2. Nc3 g6 3. e4 d6 4. d4 Bg7 5. Nf3 0-0 6. Be2 e5 7. d5 a5 8. Bg5 Na6 9. 0-0 Bd7 10. Nd2 h6 11. Bh4 Qb8 12. a3 Nh7 13. Rb1 Nc5 14. b4 axb4 15. axb4 Na4 16. Qc2 h5 17. f3 Bh6 18. Bf2 Qd8 19. c5 Qg5 20. Nc4 Qe7 21. Ra1 Nxc3 22. Qxc3 f5 23. cxd6 cxd6 24. Rxa8 Rxa8 25. Nb6 Rb8 26. Qc7 Rd8 27. Bb5 Nf8 28. Nxd7 Nxd7 29. Bb6 Kf7 30. Qxd8 Be3+ 31. Kh1 Nxb6 32. Qh8 f4 33. Ra1 Qf8 34. Qh7+ Qg7 35. Qxg7+ Kxg7 36. Ra7 Kf8 37. Rxb7 Bd4 38. g3 Be3 39. Kg2 Bd4 40. Kh3 1-0

[Event "Belgrade Trophy 21st"]
[Site "Obrenovac"]
[Date "2008.11.28"]
[Round "2"]
[White "Kovacevic, Boris"]
[Black "Stamenkovic, Aleksandar"]
[Result "0-1"]
[WhiteElo "1899"]
[BlackElo "2283"]
[PlyCount "92"]
[EventDate "2008.11.27"]
[EventType "swiss"]
[EventRounds "9"]
[EventCountry "YUG"]
[SourceTitle "CBM 127 Extra"]
[Source "ChessBase"]
[SourceDate "2009.01.08"]
[SourceVersion "2"]
[SourceVersionDate "2009.01.28"]
[SourceQuality "1"]

1. e4 c5 2. Nf3 Nc6 3. Bb5 e6 4. 0-0 Nge7 5. c3 a6 6. Ba4 b5 7. Bc2 Bb7 8. Re1 Rc8 9. Qe2 Qc7 10. d3 Ng6 11. g3 Be7 12. h4 f6 13. Nh2 Bd6 14. h5 Nge5 15. Be3 Nd4 16. cxd4 cxd4 17. Bxd4 Qxc2 18. Qxc2 Rxc2 19. Rd1 Nc6 20. Bc3 b4 21. Be1 Be5 22. Nd2 Bxb2 23. Rab1 Bc3 24. Nc4 Bxe1 25. Rxe1 Ke7 26. Ra1 Rc3 27. Red1 a5 28. Nf1 Ba6 29. Nfe3 Rb8 30. Rd2 Ne5 31. Kg2 Bxc4 32. Nxc4 Nxc4 33. dxc4 Rxc4 34. Rad1 Rb7 35. f3 a4 36. Kf2 b3 37. axb3 axb3 38. Rb2 Rc2+ 39. Rxc2 bxc2 40. Rc1 Rc7 41. Ke2 d5 42. exd5 exd5 43. Kd3 Kd6 44. Rxc2 Rxc2 45. Kxc2 f5 46. Kd3 Kc5 0-1

[Event "Belgrade Spring op"]
[Site "Belgrade"]
[Date "2008.03.28"]
[Round "4"]
[White "Savic, Mihajlo"]
[Black "Kovacevic, Boris"]
[Result "0-1"]
[WhiteElo "2275"]
[BlackElo "1898"]
[PlyCount "86"]
[EventDate "2008.03.25"]
[EventType "swiss"]
[EventRounds "9"]
[EventCountry "YUG"]
[SourceTitle "CBM 123 Extra"]
[Source "ChessBase"]
[SourceDate "2008.05.06"]
[SourceVersion "1"]
[SourceVersionDate "2008.05.06"]
[SourceQuality "1"]

1. e4 c5 2. Nf3 Nc6 3. Bc4 e6 4. Nc3 d6 5. 0-0 Nf6 6. Re1 Be7 7. d4 cxd4 8. Nxd4 0-0 9. Nf3 a6 10. a3 Bd7 11. Be3 Ng4 12. Qd2 Nxe3 13. Rxe3 Rc8 14. Rd1 Rc7 15. Rd3 Na5 16. b3 b5 17. Bxb5 axb5 18. e5 d5 19. b4 Nc4 20. Qc1 h6 21. Re1 Ra7 22. Ne2 Qa8 23. Ned4 Rxa3 24. Rxa3 Qxa3 25. Qxa3 Nxa3 26. Ra1 Bxb4 27. c3 Bc5 28. Ne2 Nc4 29. h3 b4 30. Rc1 b3 31. Rb1 b2 32. Ne1 Ra8 33. Nd3 Ra1 34. Nxb2 Rxb1+ 35. Kh2 Rxb2 36. Nf4 Rd2 37. f3 Ne3 38. h4 g5 39. hxg5 hxg5 40. Nh5 Rxg2+ 41. Kh3 Be7 42. Nf6+ Bxf6 43. exf6 e5# 0-1

[Event "Belgrade Trophy 20th"]
[Site "Belgrade"]
[Date "2007.11.22"]
[Round "1"]
[White "Brujic, Bozidar"]
[Black "Kovacevic, Boris"]
[Result "1-0"]
[WhiteElo "2227"]
[BlackElo "1849"]
[PlyCount "91"]
[EventDate "2007.11.22"]
[EventType "swiss"]
[EventRounds "9"]
[EventCountry "YUG"]
[SourceTitle "CBM 121 Extra"]
[Source "ChessBase"]
[SourceDate "2008.01.10"]
[SourceVersion "1"]
[SourceVersionDate "2008.01.10"]
[SourceQuality "1"]

1. e4 c5 2. Nf3 Nc6 3. d4 cxd4 4. Nxd4 Nf6 5. Nc3 e5 6. Ndb5 d6 7. Nd5 Nxd5 8. exd5 Nb8 9. c4 Be7 10. f4 a6 11. Qa4 0-0 12. fxe5 dxe5 13. Nc3 Bf5 14. Be2 Bc5 15. Bd2 Nd7 16. 0-0-0 Qc7 17. Rdf1 Bg6 18. h4 h6 19. h5 Bh7 20. Rh3 Rfb8 21. Qb3 Nf6 22. g4 Ne4 23. Nxe4 Bxe4 24. g5 Bg2 25. Qg3 Bxf1 26. gxh6 f6 27. Bxf1 b5 28. hxg7 Qxg7 29. h6 Qxg3 30. Rxg3+ Kh8 31. b4 Bd4 32. c5 a5 33. a3 axb4 34. Bxb4 Rd8 35. Bg2 Rg8 36. d6 Rac8 37. d7 Rcd8 38. Rxg8+ Kxg8 39. c6 Bb6 40. Be7 Kf7 41. Bxd8 Bxd8 42. h7 Kg7 43. Be4 Ba5 44. Kc2 Kh8 45. Kd3 Kg7 46. Bf5 1-0